[Event "London Classic Open 2015"]
[Site "London ENG"]
[Date "2015.12.05"]
[Round "3.20"]
[White "Prosviriakov, Vladimir"]
[Black "Gharamian, Tigran"]
[Result "1/2-1/2"]
[WhiteTitle "IM"]
[BlackTitle "GM"]
[WhiteElo "2232"]
[BlackElo "2654"]
[WhiteFideId "2004860"]
[BlackFideId "13301527"]
[EventDate "2015.12.04"]

1. Nf3 c5 2. e3 g6 3. d4 Bg7 4. Be2 Nf6 5. O-O Qc7 6. d5 a6 7. a4 d6 8. Nc3 e6
9. e4 exd5 10. exd5 O-O 11. Bf4 Nbd7 12. Nd2 Ne8 13. Nc4 Nb6 14. Nxd6 Nxd6 15.
Ne4 Qe7 16. Nxd6 Bxb2 17. Ra2 Be5 18. Nxc8 Nxc8 19. Be3 Qc7 20. g3 Nd6 21. c4 a5
22. Bd3 b6 23. Kh1 Rfe8 24. Bc1 Bd4 25. Bf4 Be5 26. Bc1 Qd7 27. f4 Bd4 28. f5
Nxf5 29. Bxf5 gxf5 30. Bb2 Qe7 31. Bxd4 Qe4+ 32. Rg2 cxd4 33. Rf4 Qe1+ 1/2-1/2

[Event "London Classic Open 2015"]
[Site "London ENG"]
[Date "2015.12.05"]
[Round "3.21"]
[White "Melkumyan, Hrant"]
[Black "Watson, John L"]
[Result "1-0"]
[WhiteTitle "GM"]
[BlackTitle "IM"]
[WhiteElo "2654"]
[BlackElo "2277"]
[WhiteFideId "13302485"]
[BlackFideId "2000768"]
[EventDate "2015.12.04"]

1. c4 b6 2. Nc3 Bb7 3. Nf3 e6 4. d4 Bb4 5. e3 Nf6 6. Bd3 Ne4 7. Qc2 f5 8. O-O
Bxc3 9. bxc3 O-O 10. Ne1 c5 11. f3 Nd6 12. Qe2 Qc7 13. Nc2 Nc6 14. Na3 a6 15.
Bd2 e5 16. d5 e4 17. Bc2 Ne5 18. Be1 Rae8 19. Bg3 exf3 20. gxf3 b5 21. cxb5 Qa5
22. Bxe5 Rxe5 23. Nc4 Nxc4 24. Qxc4 axb5 25. Qxc5 Rc8 26. Qd6 Qxc3 27. Bb3 Qxe3+
28. Kh1 Qf4 29. Rae1 Rce8 30. Rxe5 Qxe5 31. Qxd7 Qe2 32. Rf2 Qe1+ 33. Kg2 Bc8
34. d6+ Kh8 35. Qxb5 Qe3 36. h4 Rd8 37. Re2 Bd7 38. Rxe3 Bxb5 39. d7 g6 40. Re5
Bc6 41. Rc5 Bxd7 42. Rd5 f4 43. Kf2 h6 44. Rd2 g5 45. hxg5 hxg5 46. Be6 1-0

[Event "London Classic Open 2015"]
[Site "London ENG"]
[Date "2015.12.05"]
[Round "3.22"]
[White "Lenderman, Aleksandr"]
[Black "Radovanovic, Jovica"]
[Result "1-0"]
[WhiteTitle "GM"]
[BlackTitle "FM"]
[WhiteElo "2626"]
[BlackElo "2321"]
[WhiteFideId "2021285"]
[BlackFideId "915912"]
[EventDate "2015.12.04"]

1. d4 Nf6 2. c4 g6 3. Nc3 d5 4. Bf4 Bg7 5. e3 O-O 6. Rc1 c5 7. dxc5 Ne4 8. cxd5
Nxc3 9. bxc3 Qa5 10. Qb3 Nd7 11. Nf3 Nxc5 12. Qb4 Qb6 13. Nd4 Bd7 14. Be2 Rfc8
15. O-O Na4 16. Qxe7 Nxc3 17. Rxc3 Rxc3 18. Qxd7 Rd8 19. Qe7 Rxd5 20. Bf3 Bf8
21. Qe8 Rd8 22. Qa4 Bg7 23. h3 Qc5 24. Nb3 Qb6 25. Na5 Bf8 26. Nxb7 Ra3 27. Qc4
Rd7 28. Qc8 Rad3 29. Bc6 Re7 30. Bh6 Rd8 31. Nxd8 Rc7 32. Qa8 1-0

[Event "London Classic Open 2015"]
[Site "London ENG"]
[Date "2015.12.05"]
[Round "3.23"]
[White "Bates, Richard A"]
[Black "Bok, Benjamin"]
[Result "0-1"]
[WhiteTitle "IM"]
[BlackTitle "GM"]
[WhiteElo "2331"]
[BlackElo "2594"]
[WhiteFideId "403555"]
[BlackFideId "1017063"]
[EventDate "2015.12.04"]

1. d4 d5 2. c4 e6 3. Nf3 Nf6 4. g3 Bb4+ 5. Bd2 Bd6 6. Bg2 O-O 7. O-O c6 8. Nc3
Nbd7 9. e4 dxe4 10. Ng5 Be7 11. Be3 e5 12. d5 cxd5 13. cxd5 Nxd5 14. Qxd5 Bxg5
15. Bxg5 Qxg5 16. Nxe4 Qe7 17. Rac1 Nf6 18. Qd6 Qxd6 19. Nxd6 Rd8 20. Nxc8 Raxc8
21. Bxb7 Rb8 22. Rfd1 Rxd1+ 23. Rxd1 g6 24. Bd5 Rxb2 25. Bb3 Kg7 26. Rd8 Rb1+
27. Kg2 Rc1 28. Rb8 Rc7 29. Rb5 Nd7 30. Kf3 f5 31. Rd5 e4+ 32. Ke2 Nc5 33. Rd6
Kh6 34. h4 Nxb3 35. axb3 Kh5 36. Ra6 Kg4 37. b4 Rb7 38. Ke3 Rd7 39. b5 Rb7 40.
Ra5 Re7 41. Ra6 Rb7 42. Ra5 Rc7 43. Ra6 Kh3 44. Ra2 Rb7 45. Rb2 Rb6 46. Ra2 Rxb5
47. Rxa7 Rb3+ 48. Ke2 Kg2 49. Rxh7 Rb2+ 50. Ke1 Rxf2 51. Rg7 Kxg3 52. Rxg6+ Kf3
53. Rf6 Ke3 54. h5 Ra2 55. Kf1 f4 56. h6 Kf3 57. Kg1 Rg2+ 58. Kh1 Rg5 0-1

[Event "London Classic Open 2015"]
[Site "London ENG"]
[Date "2015.12.05"]
[Round "3.24"]
[White "Rozycki, Bartlomiej"]
[Black "Baron, Tal"]
[Result "0-1"]
[BlackTitle "GM"]
[WhiteElo "2231"]
[BlackElo "2544"]
[WhiteFideId "1106996"]
[BlackFideId "2809958"]
[EventDate "2015.12.04"]

1. d4 Nf6 2. c4 e6 3. Nf3 d5 4. Nc3 dxc4 5. e3 a6 6. Bxc4 b5 7. Bb3 Bb7 8. O-O
c5 9. Qe2 Nbd7 10. Rd1 Qc7 11. d5 c4 12. dxe6 fxe6 13. Bc2 Bd6 14. Nd4 Bxh2+ 15.
Kh1 Be5 16. f4 Bxd4 17. exd4 Kf7 18. f5 Rhe8 19. fxe6+ Rxe6 20. Qf2 b4 21. Bf4
Qb6 22. Na4 Qb5 23. Nc5 Nxc5 24. dxc5 Rae8 25. Rd2 c3 26. Rdd1 Qe2 27. Qxe2 Rxe2
28. Bb3+ Kg6 29. bxc3 Rxg2 30. Rg1 Rg4+ 31. Kh2 Re2+ 32. Kh3 Bc8 33. Rxg4+ Bxg4+
34. Kh4 Rf2 35. Bg3 Rf5 36. Bc2 Kh6 37. Bd6 Rf3 38. cxb4 g5# 0-1

[Event "London Classic Open 2015"]
[Site "London ENG"]
[Date "2015.12.05"]
[Round "3.25"]
[White "Hector, Jonny"]
[Black "Merriman, John"]
[Result "1-0"]
[WhiteTitle "GM"]
[WhiteElo "2499"]
[BlackElo "2253"]
[WhiteFideId "1700090"]
[BlackFideId "402362"]
[EventDate "2015.12.04"]

1. e4 e6 2. d4 d5 3. e5 c5 4. c3 Nc6 5. Nf3 Qb6 6. Bd3 Bd7 7. dxc5 Bxc5 8. O-O
a5 9. Nbd2 f6 10. Qe2 fxe5 11. Nxe5 Nxe5 12. Qxe5 Nf6 13. Nf3 O-O 14. Qe2 Bd6
15. Ne5 Rae8 16. Be3 Qc7 17. Bd4 Re7 18. Rae1 Be8 19. Qe3 a4 20. f4 Nd7 21. Rf3
Bxe5 22. fxe5 Rxf3 23. Qxf3 Nc5 24. Bc2 Bb5 25. Qe3 b6 26. b4 Nd7 27. Qf2 g6 28.
Qd2 Qc4 29. Bd1 Rf7 30. Be2 Qc6 31. Bg4 Kg7 32. h4 h5 33. Bh3 Bc4 34. a3 Bb5 35.
Kh2 Nf8 36. Be3 Kh7 37. Qd4 Nd7 38. Bg5 Nf8 39. Re3 Qc7 40. Rf3 Rxf3 41. gxf3
Be8 42. Qf4 Nd7 43. Bxe6 Nxe5 44. Bxd5 Qxc3 45. Qf8 Bf7 46. Bxf7 Nxf3+ 47. Kg2
Ne1+ 48. Kf1 Qd3+ 49. Kxe1 Qe4+ 50. Kd2 Qd4+ 51. Kc2 Qe4+ 52. Kc3 Qe5+ 53. Kd3
Qf5+ 54. Kd4 Qg4+ 55. Ke5 Qf5+ 56. Kd6 Qd3+ 57. Bd5 1-0

[Event "London Classic Open 2015"]
[Site "London ENG"]
[Date "2015.12.05"]
[Round "3.26"]
[White "Blomqvist, Erik"]
[Black "Bukojemski, Adam"]
[Result "1/2-1/2"]
[WhiteTitle "GM"]
[WhiteElo "2493"]
[BlackElo "2243"]
[WhiteFideId "1709437"]
[BlackFideId "1114620"]
[EventDate "2015.12.04"]

1. Nf3 g6 2. e4 c5 3. d4 cxd4 4. Nxd4 Bg7 5. Nc3 Nc6 6. Be3 Nf6 7. Bc4 Na5 8.
Be2 d6 9. Qd2 Ng4 10. Bxg4 Bxg4 11. b3 Rc8 12. O-O O-O 13. Rac1 a6 14. Rfe1 Re8
15. h3 Bd7 16. Red1 b5 17. Nd5 Rb8 18. Bg5 f6 19. Bh6 e6 20. Nb4 Bxh6 21. Qxh6
Rb6 22. Rd2 Nb7 23. Qe3 a5 24. Nd3 e5 25. Ne2 f5 26. exf5 gxf5 27. f4 e4 28. Nf2
Rc6 29. Kh2 Re7 30. Nc3 b4 31. Nd5 Rg7 32. c3 Be6 33. Rdd1 Rc5 34. c4 Bxd5 35.
Rxd5 Rxd5 36. cxd5 Nc5 37. g4 Qf6 38. Rc2 Qa1 39. Qe2 h6 40. Nd1 fxg4 41. hxg4
Qf6 42. Kg3 Rf7 43. Qe3 Qa1 44. Qe2 Qf6 45. Qe3 Qa1 46. Qe2 Qf6 1/2-1/2

[Event "London Classic Open 2015"]
[Site "London ENG"]
[Date "2015.12.05"]
[Round "3.28"]
[White "Kjartansson, Gudmundur"]
[Black "Therrien, Alex L"]
[Result "1-0"]
[WhiteTitle "IM"]
[BlackTitle "FM"]
[WhiteElo "2477"]
[BlackElo "2252"]
[WhiteFideId "2301318"]
[BlackFideId "412856"]
[EventDate "2015.12.04"]

1. Nf3 Nf6 2. c4 c6 3. g3 d5 4. Bg2 g6 5. b3 Bg7 6. Bb2 O-O 7. O-O Bg4 8. d3
Bxf3 9. Bxf3 e6 10. Nd2 Nbd7 11. Bg2 a5 12. a3 Ne8 13. d4 Nd6 14. Qc2 Re8 15.
Rad1 a4 16. b4 b5 17. c5 Nf5 18. Qd3 Qc7 19. Nf3 Rad8 20. Bc1 e5 21. dxe5 Nxe5
22. Nxe5 Qxe5 23. e4 Ne7 24. Bf4 Qc3 25. Bc7 Qxd3 26. Rxd3 Rc8 27. Bf4 dxe4 28.
Bxe4 Nf5 29. Bxf5 gxf5 30. Rfd1 Bb2 31. Kg2 Kg7 32. Kf3 Re6 33. Be3 Rce8 34.
Bd4+ Bxd4 35. Rxd4 Kf6 36. Rd7 R8e7 37. h4 Rxd7 38. Rxd7 Re4 39. Rd6+ Re6 40.
Rd4 Ke5 41. Ke3 Re8 42. f3 Re6 43. Rd7 Kf6+ 44. Kf4 Re1 45. Rc7 Re6 46. h5 h6
47. Rd7 Re1 48. Rd6+ Re6 49. g4 Rxd6 50. cxd6 fxg4 51. fxg4 c5 52. d7 Ke7 53. g5
hxg5+ 54. Kxg5 f6+ 55. Kf5 cxb4 56. h6 bxa3 57. h7 b4 58. h8=Q Kxd7 59. Qg7+ Kc6
60. Qxf6+ Kc5 61. Qa6 Kd4 62. Qxa4 Kc3 63. Ke4 b3 64. Qxa3 Kc2 65. Qc5+ 1-0

[Event "London Classic Open 2015"]
[Site "London ENG"]
[Date "2015.12.05"]
[Round "3.29"]
[White "Galyas, Miklos"]
[Black "Lahtela, Silvo"]
[Result "0-1"]
[WhiteTitle "IM"]
[WhiteElo "2465"]
[BlackElo "2236"]
[WhiteFideId "707244"]
[BlackFideId "4634276"]
[EventDate "2015.12.04"]

1. Nf3 g6 2. e4 Bg7 3. d4 d6 4. Nc3 a6 5. Be3 b5 6. Bd3 Bb7 7. Qd2 Nd7 8. O-O c5
9. a4 b4 10. Ne2 Qc7 11. Ng3 Ngf6 12. c3 bxc3 13. bxc3 Ng4 14. Bg5 h6 15. Bh4 e5
16. dxe5 Ngxe5 17. Nxe5 Nxe5 18. Bc2 O-O 19. f4 Nc4 20. Qd3 Nb2 21. Qe2 Bxc3 22.
f5 Be5 23. Kh1 a5 24. Qg4 Kh7 25. Qh3 Kg8 26. f6 Bc8 27. Nf5 gxf5 28. exf5 Rd8
29. Qg4+ Kf8 30. Rae1 Rb8 31. Qg7+ Ke8 32. Be4 d5 33. Bf3 Nd3 34. Bg3 Bxf5 35.
Bg4 Bxg4 36. Qxg4 Rb4 37. Qg8+ Kd7 38. Qxf7+ Kc6 39. Qxc7+ Kxc7 40. Bxe5+ Nxe5
41. Rxe5 Kd6 42. Rh5 c4 43. Rxh6 Kc5 44. Rh7 d4 45. g4 d3 46. g5 d2 47. Rd1 Rb6
48. Rh3 Re6 49. Kg2 Re1 50. Rh8 Rxh8 51. Rxd2 Re5 52. h4 Rxh4 53. Kg3 Rh5 0-1

[Event "London Classic Open 2015"]
[Site "London ENG"]
[Date "2015.12.05"]
[Round "3.30"]
[White "Moran, Stephen"]
[Black "Georgescu, Tiberiu-Marian"]
[Result "0-1"]
[BlackTitle "GM"]
[WhiteElo "2127"]
[BlackElo "2453"]
[WhiteFideId "2501872"]
[BlackFideId "1213300"]
[EventDate "2015.12.04"]

1. d4 Nf6 2. c4 g6 3. Nc3 Bg7 4. e4 d6 5. f3 a6 6. Be3 c6 7. c5 b5 8. cxd6 exd6
9. Nge2 O-O 10. Nf4 Bb7 11. Be2 Re8 12. Qd2 Qe7 13. Nd3 Nbd7 14. Bf2 Nb6 15. O-O
Nfd7 16. Rad1 Nc4 17. Qc1 Qf8 18. b3 Bh6 19. Nf4 Ncb6 20. Be3 Bg7 21. Rfe1 Rac8
22. Qd2 b4 23. Nb1 a5 24. Bd3 d5 25. exd5 Nxd5 26. Nxd5 cxd5 27. Bb5 Bc6 28. Qd3
Qd6 29. Bf2 Nf8 30. Bg3 Rxe1+ 31. Bxe1 Bxb5 32. Qxb5 Qf4 33. Qd3 Ne6 34. g3
Qxd4+ 35. Qxd4 Nxd4 36. Kg2 Rc2+ 37. Rd2 Rc1 38. Bf2 Ne6 39. Rxd5 Rxb1 40. Rxa5
Bd4 41. Bxd4 Nxd4 42. Kf2 Rb2+ 43. Ke3 Nc2+ 44. Kd3 Na3 45. Ra4 Rxa2 46. h4 Rg2
47. Rxb4 Rxg3 48. Ke4 Rh3 49. Ra4 Nc2 50. f4 Rxb3 0-1

[Event "London Classic Open 2015"]
[Site "London ENG"]
[Date "2015.12.05"]
[Round "3.31"]
[White "D'Costa, Lorin A R"]
[Black "Hill, Alistair"]
[Result "1/2-1/2"]
[WhiteTitle "IM"]
[WhiteElo "2418"]
[BlackElo "2157"]
[WhiteFideId "409219"]
[BlackFideId "432407"]
[EventDate "2015.12.04"]

1. d4 Nf6 2. c4 g6 3. Nc3 d5 4. Nf3 Bg7 5. e3 O-O 6. b4 a5 7. b5 c5 8. bxc6 Nxc6
9. Ba3 Bf5 10. Rc1 Re8 11. Nxd5 Nxd5 12. cxd5 Nb4 13. Bxb4 axb4 14. Bc4 Qa5 15.
O-O Be4 16. Bb3 Rec8 17. Rc5 Rxc5 18. dxc5 Bf6 19. Nd2 Bd3 20. Nc4 Bxc4 21. Bxc4
Qxc5 22. Bb3 Rc8 23. g3 Kg7 24. Kg2 Qb6 25. Re1 Rc3 26. Re2 Qc5 27. Qd2 Be5 28.
Re1 Bc7 29. Rd1 Be5 30. Qe2 Bd6 31. h4 Be5 32. h5 Rc1 33. Rxc1 Qxc1 34. hxg6
hxg6 35. Qb5 Bd6 36. Qxb7 Qb1 37. Qb5 Qe4+ 38. Kg1 Qb1+ 39. Kh2 Qf5 40. Qe2 Kh6
41. e4 Qh5+ 42. Qxh5+ Kxh5 43. f4 f6 44. Kg2 g5 45. Bd1+ Kg6 46. Kf3 gxf4 47.
gxf4 Bc7 48. Ba4 Kf7 49. Bd7 Bb8 50. Kg4 Bc7 51. Kf5 Bb8 52. e5 Ba7 53. Ke4 Bf2
54. Kd3 Be1 55. Kd4 Bd2 56. Ke4 Bc3 57. d6 Be1 58. Kd5 Bg3 59. Be6+ Ke8 60. d7+
Kd8 61. Kc5 Be1 62. Bg4 Bd2 63. exf6 exf6 64. Be6 Be1 1/2-1/2

[Event "London Classic Open 2015"]
[Site "London ENG"]
[Date "2015.12.05"]
[Round "3.32"]
[White "Brozel, Sacha"]
[Black "Roberson, Peter T"]
[Result "0-1"]
[BlackTitle "IM"]
[WhiteElo "1801"]
[BlackElo "2407"]
[WhiteFideId "429317"]
[BlackFideId "412384"]
[EventDate "2015.12.04"]

1. c4 e5 2. g3 Nf6 3. Bg2 h6 4. Nc3 Bb4 5. Nf3 Bxc3 6. bxc3 e4 7. Nd4 O-O 8. O-O
d6 9. Rb1 Nbd7 10. d3 Re8 11. Qc2 Nc5 12. Ba3 Qe7 13. Qd2 Bd7 14. Nb5 Be6 15.
Bxc5 dxc5 16. Qf4 c6 17. Na3 exd3 18. exd3 Rad8 19. Rbd1 Bg4 20. Rd2 g5 21. Qe3
Qd6 0-1

[Event "London Classic Open 2015"]
[Site "London ENG"]
[Date "2015.12.05"]
[Round "3.33"]
[White "Tania, Sachdev"]
[Black "Cumming, Rhys"]
[Result "1-0"]
[WhiteTitle "IM"]
[WhiteElo "2357"]
[BlackElo "2140"]
[WhiteFideId "5007844"]
[BlackFideId "470163"]
[EventDate "2015.12.04"]

1. d4 Nf6 2. c4 g6 3. Nc3 d5 4. Qb3 dxc4 5. Qxc4 Be6 6. Qb5+ Bd7 7. Qb3 c5 8.
dxc5 Na6 9. Qa3 Rc8 10. b4 Nb8 11. e3 a5 12. b5 e5 13. Na4 Ne4 14. Qb2 Bg7 15.
Qc2 Nd6 16. Bb2 Nxb5 17. Nf3 Qe7 18. Rd1 Na7 19. Bc3 O-O 20. Bxa5 b5 21. Nb2 Bg4
22. Be2 Nac6 23. Bd2 e4 24. Ng1 Bxe2 25. Nxe2 Na6 26. O-O Nxc5 27. Bc3 Ne5 28.
Bb4 Ned3 29. Nxd3 exd3 30. Qxd3 Nxd3 31. Bxe7 Rfe8 32. Rxd3 Rxe7 33. Rc1 Rec7
34. Rxc7 Rxc7 35. Rd2 Kf8 36. g4 Ra7 37. Kg2 Ke7 38. Nf4 Rd7 39. Rxd7+ Kxd7 40.
Kf3 Kd6 41. Nd3 Kd5 42. Ke2 Bc3 43. f3 Kc4 44. Nf2 Bb4 45. Ne4 Be7 46. Kd2 Kb4
47. Nc3 Bd6 48. f4 h6 49. Kd3 Bb8 50. h3 Kc5 51. Ne2 Kb4 52. Nd4 Ka4 53. Nc2 Ba7
54. e4 Bb8 55. e5 b4 56. Kc4 g5 57. fxg5 hxg5 58. Nxb4 Bxe5 59. Nc2 Ka5 60. Kd5
Bf6 61. Ke4 Kb5 62. Kf5 Bd8 63. Nd4+ Kc5 64. Nf3 Kd6 65. Nxg5 Ke7 66. h4 Kf8 67.
h5 Ba5 68. Nf3 Kg7 69. Ne5 1-0

[Event "London Classic Open 2015"]
[Site "London ENG"]
[Date "2015.12.05"]
[Round "3.34"]
[White "Sielicki, Tomasz"]
[Black "Cox, John J"]
[Result "0-1"]
[BlackTitle "IM"]
[WhiteElo "1948"]
[BlackElo "2342"]
[WhiteFideId "1111400"]
[BlackFideId "401064"]
[EventDate "2015.12.04"]

1. d4 Nf6 2. Nf3 e6 3. Bg5 c5 4. e3 cxd4 5. exd4 b6 6. Bd3 Bb7 7. Nbd2 Be7 8.
Qe2 d6 9. O-O-O Nbd7 10. Kb1 a6 11. h4 b5 12. Ne4 Bxe4 13. Bxe4 d5 14. Bd3 Nb6
15. Ne5 Rc8 16. g4 Nc4 17. f4 h6 18. Bxf6 gxf6 19. Nf3 Qa5 20. Bxc4 bxc4 21. c3
Rb8 22. Ka1 Qc7 23. Qe3 Rg8 24. g5 h5 25. gxf6 Bxf6 26. f5 Ke7 27. Ng5 Rb6 28.
fxe6 fxe6 29. Rde1 Qd7 30. Re2 Bxg5 31. hxg5 Qe8 32. Reh2 Rf8 33. Rxh5 Qxh5 0-1

[Event "London Classic Open 2015"]
[Site "London ENG"]
[Date "2015.12.05"]
[Round "3.35"]
[White "Edouard, Romain"]
[Black "Motycakova, Monika"]
[Result "1-0"]
[WhiteTitle "GM"]
[BlackTitle "WFM"]
[WhiteElo "2627"]
[BlackElo "2185"]
[WhiteFideId "633429"]
[BlackFideId "14909626"]
[EventDate "2015.12.04"]

1. d4 d5 2. c4 c6 3. Nf3 Nf6 4. Nc3 e6 5. Bg5 Nbd7 6. cxd5 exd5 7. e3 Be7 8. Qc2
O-O 9. Bd3 Re8 10. h3 Nf8 11. Bf4 Ne6 12. Be5 g6 13. O-O-O Ng7 14. g4 b5 15. Kb1
a5 16. Bg3 Qb6 17. Ne5 Nd7 18. f3 Nxe5 19. Bxe5 Bh4 20. Qh2 a4 21. e4 b4 22. Ne2
Ba6 23. Bxg7 Kxg7 24. Bxa6 Qxa6 25. e5 b3 26. a3 Qc4 27. Rd2 Be7 28. Rc1 Qa6 29.
f4 Reb8 30. Nc3 Bb4 31. Qf2 Ra7 32. f5 Kg8 33. Qe3 Bf8 34. h4 Rd7 35. h5 c5 36.
hxg6 hxg6 37. f6 cxd4 38. Qh3 dxc3 39. Rh2 c2+ 40. Ka1 1-0

[Event "London Classic Open 2015"]
[Site "London ENG"]
[Date "2015.12.05"]
[Round "3.36"]
[White "Rogiers, Jan"]
[Black "Grigoriants, Sergey"]
[Result "0-1"]
[BlackTitle "GM"]
[WhiteElo "2145"]
[BlackElo "2603"]
[WhiteFideId "205109"]
[BlackFideId "4130804"]
[EventDate "2015.12.04"]

1. d4 Nf6 2. c4 g6 3. Nc3 d5 4. Nf3 Bg7 5. Qb3 dxc4 6. Qxc4 O-O 7. e4 Na6 8. Be2
c5 9. d5 e6 10. O-O exd5 11. exd5 Bf5 12. Rd1 Re8 13. Be3 Qb6 14. d6 h6 15. a3
Rad8 16. Na4 Qc6 17. Qb3 Be6 18. Qc2 Ng4 19. Bf4 Bf5 20. Bd3 Bxd3 21. Rxd3 Re4
22. Bg3 Qxa4 23. Qxa4 Rxa4 24. Re1 Nb8 25. h3 Nf6 26. Rde3 Bf8 0-1

[Event "London Classic Open 2015"]
[Site "London ENG"]
[Date "2015.12.05"]
[Round "3.37"]
[White "Jumabayev, Rinat"]
[Black "Heuser, Philip"]
[Result "1-0"]
[WhiteTitle "GM"]
[WhiteElo "2599"]
[BlackElo "2119"]
[WhiteFideId "13702661"]
[BlackFideId "4654358"]
[EventDate "2015.12.04"]

1. Nf3 Nf6 2. c4 c6 3. d4 d5 4. Qb3 dxc4 5. Qxc4 Bg4 6. Nbd2 Nbd7 7. Qb3 Qb6 8.
Nc4 Qxb3 9. axb3 Bxf3 10. gxf3 c5 11. Bg2 cxd4 12. f4 Nc5 13. b4 Nb3 14. Bxb7
Nxa1 15. Bxa8 Nc2+ 16. Kf1 Nxb4 17. Bd2 e6 18. Rg1 g6 19. Rg3 Bc5 20. Ra3 O-O
21. Bxb4 Bxb4 22. Rxa7 Re8 23. Bf3 Re7 24. Ra8+ Re8 25. Ra7 Re7 26. Ra4 Bc5 27.
Ne5 Ra7 28. Rc4 Rc7 29. Nd3 Bb6 30. Rb4 Ba7 31. Rb5 Nd7 32. b4 f6 33. Ra5 h5 34.
Bc6 Bb6 35. Ra8+ Kf7 36. Bxd7 Rxd7 37. Rh8 Kg7 38. Rb8 Ba7 39. Rc8 Rb7 40. h3
Kf7 41. Kg2 Bb8 42. Kf3 Bd6 43. Rc4 e5 44. fxe5 Bxe5 45. Ke4 Re7 46. Nxe5+ Rxe5+
47. Kd3 Rf5 48. f3 Ke6 49. Rxd4 Rb5 50. Kc4 Rb8 51. b5 Rc8+ 52. Kd3 Rc1 53. Rb4
Kd7 54. b6 Kc8 55. Rc4+ 1-0

[Event "London Classic Open 2015"]
[Site "London ENG"]
[Date "2015.12.05"]
[Round "3.38"]
[White "Hebbes, Tim"]
[Black "Wells, Peter K"]
[Result "1/2-1/2"]
[BlackTitle "GM"]
[WhiteElo "2112"]
[BlackElo "2442"]
[WhiteFideId "406570"]
[BlackFideId "400327"]
[EventDate "2015.12.04"]

1. Nf3 d5 2. e3 Nf6 3. c4 e6 4. Nc3 a6 5. a3 c5 6. cxd5 exd5 7. d4 Nc6 8. Be2
cxd4 9. Nxd4 Bd6 10. Nf3 O-O 11. O-O Bg4 12. Nd4 Be6 13. Bf3 Ne5 14. Nce2 Nxf3+
15. Nxf3 Bg4 16. Ned4 Ne4 17. Qb3 Nc5 18. Qa2 Ne6 19. h3 Nxd4 20. Nxd4 Bxh3 21.
gxh3 Qg5+ 22. Kh1 Qh5 23. f4 Qxh3+ 24. Kg1 Qg3+ 25. Kh1 Qh3+ 26. Kg1 Qg3+ 1/2-1/2

[Event "London Classic Open 2015"]
[Site "London ENG"]
[Date "2015.12.05"]
[Round "3.39"]
[White "McDonald, Neil"]
[Black "Jamroz, Krzysztof"]
[Result "1-0"]
[WhiteTitle "GM"]
[WhiteElo "2417"]
[BlackElo "2103"]
[WhiteFideId "400629"]
[BlackFideId "1111850"]
[EventDate "2015.12.04"]

1. e4 c5 2. Nf3 Nc6 3. d4 cxd4 4. Nxd4 Nf6 5. Nc3 e5 6. Ndb5 d6 7. Bg5 a6 8. Na3
b5 9. Nd5 Be7 10. Bxf6 Bxf6 11. c3 Bg5 12. Nc2 Rb8 13. a4 bxa4 14. Ncb4 Bd7 15.
Bxa6 Nxb4 16. cxb4 O-O 17. O-O Bc6 18. Rxa4 Bxa4 19. Qxa4 f5 20. exf5 Rxf5 21.
Bd3 Rf8 22. b5 Qd7 23. Qe4 g6 24. Ra1 Rfc8 25. h4 Bd8 26. g3 Kg7 27. h5 Bb6 28.
h6+ Kh8 29. Nxb6 Rxb6 30. Bc4 Rbb8 31. b3 Qf5 32. Qe3 Rd8 33. Ra7 d5 34. Bd3 d4
35. Qe2 Qg5 36. Qe4 Re8 37. Qc6 Rbc8 38. Rc7 Rxc7 39. Qxe8# 1-0

[Event "London Classic Open 2015"]
[Site "London ENG"]
[Date "2015.12.05"]
[Round "3.40"]
[White "Houska, Jovanka"]
[Black "Asenov, Pavel"]
[Result "1-0"]
[WhiteTitle "IM"]
[WhiteElo "2409"]
[BlackElo "2098"]
[WhiteFideId "405094"]
[BlackFideId "433705"]
[EventDate "2015.12.04"]

1. d4 d5 2. Nf3 Nf6 3. c4 c6 4. e3 Bf5 5. Nc3 a6 6. Bd3 Bg6 7. O-O e6 8. b3 Nbd7
9. Bb2 Be7 10. h3 O-O 11. Bxg6 hxg6 12. Qe2 a5 13. Qc2 Re8 14. Rfd1 Bb4 15. Ne2
Bd6 16. Nd2 Qc7 17. Rac1 Bb4 18. Nf3 Bd6 19. Ng5 a4 20. c5 axb3 21. axb3 Be7 22.
f4 b6 23. b4 bxc5 24. bxc5 Reb8 25. Ra1 Qb7 26. Bc3 Ne8 27. Nf3 Nc7 28. Be1 Nb5
29. Qb2 Bf6 30. Qb4 Qc8 31. Rxa8 Rxa8 32. Nc3 Na3 33. Ra1 Nc2 34. Rxa8 Qxa8 35.
Qa4 Qxa4 36. Nxa4 Nxe3 37. Nb6 Nb8 38. g4 Bd8 39. Bg3 Bc7 40. Na4 Ba5 41. f5 Nd7
42. fxg6 f6 43. Bf2 Nc4 44. h4 e5 45. h5 Nf8 46. dxe5 fxe5 47. Nb6 Nxb6 48. cxb6
Nd7 49. b7 Bc7 50. Ng5 d4 51. Ne6 Bd6 52. g5 c5 53. h6 gxh6 54. gxh6 Be7 55. Bg3
Bf6 56. Nxc5 Nb8 57. Ne4 1-0

[Event "London Classic Open 2015"]
[Site "London ENG"]
[Date "2015.12.05"]
[Round "3.41"]
[White "Beinoras, Mindaugas"]
[Black "Gross, Willi"]
[Result "1/2-1/2"]
[WhiteTitle "IM"]
[WhiteElo "2344"]
[BlackElo "2095"]
[WhiteFideId "12802085"]
[BlackFideId "1270470"]
[EventDate "2015.12.04"]

1. d4 d6 2. e4 Nf6 3. Nc3 e5 4. Nf3 Nbd7 5. Bc4 Be7 6. O-O Nb6 7. Bd3 Nfd7 8.
Re1 O-O 9. a4 a5 10. Bf1 Bf6 11. Be3 exd4 12. Bxd4 Re8 13. Bb5 c6 14. Bf1 Qc7
15. Bxf6 Nxf6 16. Nd4 Bg4 17. f3 Bd7 18. f4 Rad8 19. Nb3 Nc8 20. Qd4 Ne7 21. h3
b6 22. Qf2 Ng6 23. Nd2 Bc8 24. Rad1 Nd7 25. g3 Nc5 26. Bg2 f5 27. Kh2 fxe4 28.
Ndxe4 Nxe4 29. Nxe4 d5 30. Nd2 Bf5 31. Rxe8+ Rxe8 32. c4 Rd8 33. cxd5 cxd5 34.
Nf3 Qc2 35. Qxb6 Rd7 36. Qb8+ Nf8 37. Rd2 Qc1 38. Qb5 Be4 39. Qxa5 Rc7 40. Re2
Rc2 41. Rxc2 Qxc2 42. Qd2 Qxa4 43. Nd4 Bxg2 44. Kxg2 Nd7 45. b3 Qa8 46. Qe2 Nf6
47. Qe6+ Kh8 48. Kf3 h6 49. g4 Qa1 50. Qc8+ Kh7 51. Qf5+ Kh8 52. Qc8+ Kh7 53.
Qf5+ Kh8 1/2-1/2

[Event "London Classic Open 2015"]
[Site "London ENG"]
[Date "2015.12.05"]
[Round "3.42"]
[White "Peiris, T G M"]
[Black "Papp, Petra"]
[Result "1/2-1/2"]
[BlackTitle "WGM"]
[WhiteElo "2099"]
[BlackElo "2336"]
[WhiteFideId "9901310"]
[BlackFideId "739049"]
[EventDate "2015.12.04"]

1. e4 c5 2. Nf3 d6 3. d4 cxd4 4. Nxd4 Nf6 5. Nc3 a6 6. Bg5 Nbd7 7. Qe2 Qc7 8.
O-O-O e6 9. f3 b5 10. Qd2 b4 11. Na4 Rb8 12. Kb1 Be7 13. g4 O-O 14. Bxf6 Bxf6
15. g5 Be7 16. b3 Nc5 17. Nb2 Bd7 18. h4 a5 19. Bc4 a4 20. Rdg1 Ra8 1/2-1/2